| 000 | 00461nam a2200205Ia 4500 | ||
|---|---|---|---|
| 003 | 0100 | ||
| 008 | 130227s9999 xx 000 0 und d | ||
| 040 | _cARRUPELIB | ||
| 050 | _aQ175.S2337 | ||
| 100 | _aSalmon, Wesley C. | ||
| 245 | _aCausality and Explanation | ||
| 260 | _aNew york | ||
| 260 | _bOxford university | ||
| 260 | _C1998 | ||
| 300 | _axi | ||
| 300 | _b 434p.: 23cm. | ||
| 650 | _aSCIENCE | ||
| 650 | _bSocial classes | ||
| 942 |
_2lcc _01 |
||
| 999 |
_c6363 _d6363 |
||